Cassava toxicity and thyroid : research and public health issues : proceedings of a workshop held in Ottawa, Canada, 31 May - 2 June 1982 /
Guardado en:
| Autor Principal: | |
|---|---|
| Autor Corporativo: | |
| Otros Autores: | |
| Formato: | Libro |
| Idioma: | English |
| Publicado: |
Otawa :
IDRC,
1983.
|
| Series: | IDRC-207e
|
| Acceso en línea: | Texto completo |
| Etiquetas: |
Agregar Etiqueta
Sin Etiquetas, Sea el primero en etiquetar este registro!
|
| LEADER | 00824nam a22002055a 4500 | ||
|---|---|---|---|
| 001 | EEA.libagro003404 | ||
| 005 | 20190610105450.0 | ||
| 008 | 130809s1983####xxca##########000#0#eng#d | ||
| 020 | |a 0889363684 | ||
| 082 | 0 | 4 | |a 616.442 |
| 100 | 1 | |a Delange, F. | |
| 245 | 1 | 0 | |a Cassava toxicity and thyroid : |b research and public health issues : proceedings of a workshop held in Ottawa, Canada, 31 May - 2 June 1982 / |c editors: F. Delange, R. Ahluwalia. |
| 260 | |a Otawa : |b IDRC, |c 1983. | ||
| 300 | |a 148 p. : |b il. ; |c 25 cm. | ||
| 490 | 1 | |a IDRC-207e | |
| 530 | |a Disponible también en línea. | ||
| 700 | 1 | |a Ahluwalia, R. | |
| 710 | 2 | |a International Development Research Centre (Canada) | |
| 856 | |u https://idl-bnc.idrc.ca/dspace/bitstream/10625/7029/1/IDL-7029.pdf |3 Texto completo | ||
| 859 | |a AR-BbBCA |b BIB. AGRONOMIA |h 616.442 |i D337 |p 1984/0117 | ||
